[Event "Wch Amateurs U1700"]
[Site "Rhodes"]
[Date "2024.11.04"]
[Round "9"]
[White "Orsos, Kristof"]
[Black "Khamli, Yassine"]
[Result "1-0"]
[WhiteElo "1699"]
[BlackElo "1594"]
[PlyCount "117"]
[EventDate "2024.10.27"]
[EventType "swiss"]
[EventRounds "9"]
[EventCountry "GRE"]
[SourceTitle "CB45_2024"]
[Source "ChessBase"]
[SourceDate "2024.11.06"]
[SourceVersion "1"]
[SourceVersionDate "2024.11.06"]
[SourceQuality "1"]

1. d4 d5 2. c4 e6 3. Nf3 Nf6 4. Bg5 Be7 5. a3 h6 6. Bh4 Nbd7 7. e3 0-0 8. Nbd2 c5 9. Qc2 cxd4 10. exd4 Nb6 11. c5 Nbd7 12. Bd3 Nh5 13. Bxe7 Qxe7 14. 0-0 Nf4 15. Rfe1 Nf6 16. Bf1 Bd7 17. Ne5 Rac8 18. Rac1 Qe8 19. Nxd7 Qxd7 20. Nf3 Ne4 21. Ne5 Qc7 22. f3 f6 23. Nd3 Ng5 24. Qd2 Nxd3 25. Bxd3 e5 26. b4 exd4 27. Bf5 Rce8 28. Qxd4 Re5 29. Bg6 Nf7 30. f4 Rxe1+ 31. Rxe1 Qd7 32. Rd1 Rd8 33. Be4 Qa4 34. Bxd5 Kf8 35. Qd3 a5 36. Qb3 Qxb3 37. Bxb3 Rxd1+ 38. Bxd1 axb4 39. axb4 Ke7 40. b5 Nd8 41. f5 Kd7 42. Kf2 Nf7 43. Ke3 Ne5 44. Kd4 Kc7 45. Be2 Nd7 46. Kd5 Ne5 47. Ke6 Nd7 48. c6 bxc6 49. bxc6 Kxc6 50. Bb5+ Kxb5 51. Kxd7 Kc5 52. Ke6 Kd4 53. Kf7 Ke5 54. g4 Kf4 55. Kxg7 Kg5 56. h3 Kh4 57. Kxf6 Kxh3 58. g5 hxg5 59. Kxg5 1-0